Şimdi Haberler : Şiir (Record no. 3955)

000 -LEADER
fixed length control field 00430nam a22001697a 4500
008 - FIXED-LENGTH DATA ELEMENTS--GENERAL INFORMATION
fixed length control field 191023b ||||| |||| 00| p eng d
020 ## - INTERNATIONAL STANDARD BOOK NUMBER
International Standard Book Number 9754186634
041 ## - LANGUAGE CODE
Language code of text/sound track or separate title Türkçe
050 ## - LIBRARY OF CONGRESS CALL NUMBER
Classification number PL248.D84
100 ## - MAIN ENTRY--PERSONAL NAME
9 (RLIN) 329
Personal name Durbaş, Refik
245 ## - TITLE STATEMENT
Title Şimdi Haberler : Şiir
250 ## - EDITION STATEMENT
Edition statement 1.Basım
260 ## - PUBLICATION, DISTRIBUTION, ETC.
Place of publication, distribution, etc. İstanbul:
Name of publisher, distributor, etc. Adam Yayınları,
Date of publication, distribution, etc. Eylül 2001
300 ## - PHYSICAL DESCRIPTION
Extent 109 Sayfa
650 #0 - SUBJECT ADDED ENTRY--TOPICAL TERM
9 (RLIN) 145
Topical term or geographic name entry element Türk Edebiyatı
942 ## - ADDED ENTRY ELEMENTS (KOHA)
Source of classification or shelving scheme
Koha item type Books
Holdings
Withdrawn status Lost status Source of classification or shelving scheme Damaged status Not for loan Permanent Location Current Location Shelving location Date acquired Full call number Barcode Date last seen Price effective from Koha item type
        Ödünç verilemez İmren Ahmet Tüzün Kütüphanesi İmren Ahmet Tüzün Kütüphanesi Ahmet Tüzün 2019-10-23 PL248.D84 100100004225 2019-10-23 2019-10-23 Books

This software was implemented, installed and managed by Devinim Software Training Consulting .